000 00299nam a2200133Ia 4500
100 _aShur Michael
942 _cBK
654 _aPhysics
245 _aPhysics of semi conductor devices
260 _bPrentice Hall
_aNew Delhi
_c1995
082 _a530.41
_bSHU
300 _a680
546 _aENGLISH
999 _c26077
_d26077